Catálogo

García Márquez : (Registro nro. 41318)

Detalles MARC
000 -LEADER
fixed length control field 01120cam a2200325 i 4500
001 - CONTROL NUMBER
control field 41318
003 - CONTROL NUMBER IDENTIFIER
control field Mx-PuUPA
005 - DATE AND TIME OF LATEST TRANSACTION
control field 20251127141916.0
008 - FIXED-LENGTH DATA ELEMENTS--GENERAL INFORMATION
fixed length control field 140415s2005 xx gr 001 0bspa d
017 ## - COPYRIGHT OR LEGAL DEPOSIT NUMBER
Copyright or legal deposit number B-52.217-2004
020 ## - INTERNATIONAL STANDARD BOOK NUMBER
International Standard Book Number 8441320640
040 ## - CATALOGING SOURCE
Original cataloging agency Mx-PuUPA
Language of cataloging spa
Transcribing agency Mx-PuUPA
Modifying agency Mx-PuUPA
Description conventions rda
041 0# - LANGUAGE CODE
Language code of text/sound track or separate title spa
100 1# - MAIN ENTRY--PERSONAL NAME
Personal name Saldívar, Dasso,
Dates associated with a name 1951-
9 (RLIN) 17664
Relator term autor
245 10 - TITLE STATEMENT
Title García Márquez :
Remainder of title el viaje a la semilla, la biografía /
Statement of responsibility, etc. Dasso Saldívar
264 #1 - PRODUCTION, PUBLICATION, DISTRIBUTION, MANUFACTURE, AND COPYRIGHT NOTICE
Name of producer, publisher, distributor, manufacturer [lugar de publicación no identificado] :
Place of production, publication, distribution, manufacture ABC,
Date of production, publication, distribution, manufacture, or copyright notice ©2005
300 ## - PHYSICAL DESCRIPTION
Extent 477 páginas :
Other physical details ilustraciones ;
Dimensions 21 cm
336 ## - CONTENT TYPE
Fuente rdacontent
Content type term texto
Content type code txt
337 ## - MEDIA TYPE
Source rdamedia
Media type term sin medio
Media type code n
338 ## - CARRIER TYPE
Source rdacarrier
Carrier type term volumen
Carrier type code nc
490 0# - SERIES STATEMENT
Series statement Biografías Vivas ;
Volume/sequential designation 4
600 14 - SUBJECT ADDED ENTRY--PERSONAL NAME
Personal name García Márquez, Gabriel
Dates associated with a name 1927-2014
Form subdivision Biografía
650 #7 - SUBJECT ADDED ENTRY--TOPICAL TERM
Source of heading or term armarc
Topical term or geographic name entry element Autores colombianos
Chronological subdivision Siglo XX
Form subdivision Biografía
655 ## - INDEX TERM--GENRE/FORM
Genre/form data or focus term Biografía
942 ## - ADDED ENTRY ELEMENTS (KOHA)
Source of classification or shelving scheme Dewey Decimal Classification
Koha item type Libro
Classification part 863.092
Item part G22
Existencias
Withdrawn status Lost status Source of classification or shelving scheme Damaged status Not for loan Collection code Home library Current library Shelving location Date acquired Source of acquisition Cost, normal purchase price Total Checkouts Full call number Barcode Date last seen Date last checked out Cost, replacement price Price effective from Koha item type
    Dewey Decimal Classification     General Biblioteca Karol Wojtyla Biblioteca Karol Wojtyla Sala general 03/12/2013 Donación 0.00   863.092 G22 2005 62329 19/01/2026 15/04/2013 0.00 03/12/2013 Libro